75 best business practices for socially responsible companies

Any forward-looking corporate leader or entrepreneur will want to know about these innovative ideas and how to implement them. Because these practices sprang from some of America's most creative business minds, each reflects profound business sense as well as social concern.

Enregistré dans:
Détails bibliographiques
Auteur principal: Reder, Alan
Format: Livre
Langue:Undetermined
Publié: New York G. P. Putman's Sons 1995
Sujets:
Tags: Ajouter un tag
Pas de tags, Soyez le premier à ajouter un tag!
Thư viện lưu trữ: Trung tâm Học liệu Trường Đại học Cần Thơ
LEADER 00885nam a2200205Ia 4500
001 CTU_219581
008 210402s9999 xx 000 0 und d
020 |c 2.50 
082 |a 658.408 
082 |b R314 
100 |a Reder, Alan 
245 0 |a 75 best business practices for socially responsible companies 
245 0 |c Alan Reder 
260 |a New York 
260 |b G. P. Putman's Sons 
260 |c 1995 
520 |a Any forward-looking corporate leader or entrepreneur will want to know about these innovative ideas and how to implement them. Because these practices sprang from some of America's most creative business minds, each reflects profound business sense as well as social concern. 
650 |a Social responsibility of business,Trách nhiệm xã hội của doanh nghiệp 
904 |i Trúc 
980 |a Trung tâm Học liệu Trường Đại học Cần Thơ